000 00684nam a2200217Ia 4500
005 20260429112317.0
008 260429s9999||||xx |||||||||||||| ||und||
020 _a9789349557406
041 _aEnglish
082 _a954
_bJAC
100 _aJackson, A. V. Williams
245 0 _aHistory of India :
_bthe European struggle for Indian supremacy in the seventeenth century, Vol. 7 /
_cA. V. Williams Jackson
250 _a1st ed.
260 _aNew Delhi :
_bB.R. Publishing Corporation,
_c2024.
300 _axi, 310 p.; hb
440 _vVol. 7
650 _a European powers
650 _aIndia-History-Colonial period
700 _a Hunter, William Wilson Sir
942 _cTB
999 _c53424
_d53424